000 00654nam a2200205Ii 4500
003 JO-AjNU
008 230605s9999||||xx |||||||||||||| ||und||
040 _aJO-AjNU
_bara
_erda
_cJO-AjNU
041 _aara
050 1 4 _aBP165.Q7888.1987
100 3 _aقطب،محمد,
_eauthor
_917772
245 0 0 _aواقعنا المعاصر
250 _aط2
264 3 1 _aجدة:مؤسسة المدينة للصحافة و الطباعة والنشر ، 1987
300 _a552ص
336 _atext
_btxt
_2rdacontent
337 _aunmediated
_bn
_2rdamedia
338 _avolume
_bnc
_2rdacarrier
650 4 _aالدولة العربية الاسلامية
_917773
999 _aA5561
_c9129
_d9129